Drake Songs by Synonyms - Statistics

General Stats
  • This quiz has been taken 111 times
  • The average score is 7 of 20
Answer Stats
Hint Answer % Correct
Lord's Idea God's Plan
88%
Singular Waltz One Dance
72%
Cash in the Tomb Money in the Grave
69%
Center of the Sea Middle of the Ocean
59%
Tropical Rainforest Jungle
43%
Wealthy Boast Rich Flex
42%
Gems Frolicking Diamonds Dancing
40%
Adolescent Illness Teenage Fever
37%
Overly Well Too Good
37%
Gaye's Chamber Marvins Room
34%
Valid Exchange Fair Trade
31%
Faith Problems Trust Issues
29%
Most Distant Object Furthest Thing
27%
Entirely Myself All Me
25%
Continuously Nonstop
23%
Posh Fancy
22%
Electricity Energy
18%
Unpaid Fumes Free Smoke
12%
Maintain Take Care
8%
Rudest Actions Worst Behavior
8%
No matching quizzes found
Score Distribution
Percent of People with Each Score
Percentile by Number Answered
Your Score History
You have not taken this quiz